000 00623nam a2200229Ia 4500
003 OSt
005 20220926043742.0
006 a|||||r|||| 00| 0
007 ta
008 220923b |||||||| |||| 00| 0 eng d
037 _cGeneral Book
040 _aRTL
_cRTL
_beng
041 _2eng
_aeng
082 _a2:5513eoY1:1, K1
100 _aMurdock George P
_944653
245 0 _aOutline of cultural materials
_bBehavior science out
250 _a4th
260 _c1961
650 _aLibrary Sicence
_9231926
942 _h2:5513eoY1:1, K1
_cGB
_2CC
999 _c673107
_d673107